000 00338 a2200157 4500
001 58894
020 _a8532230121
040 _cAnchieta - Pituba
100 _aFerreira, José Roberto Martins
240 1 0 _aHistória 6
_lpor
245 1 0 _aHistória 6
300 _a223
362 0 _a1997
650 4 _aHistória do mundo
942 _cBK
999 _c58894
_d58894